[Event "Challenge"]
[Site "http://www.queenalice.com/game.php?id=290509"]
[Date "2007.10.21"]
[Round "-"]
[White "Bobby_Fischer"]
[Black "JULIANE_BRASIL"]
[Result "0-1"]
[WhiteElo "1803"]
[BlackElo "1898"]

1. Nf3 c5 2. b3 Nc6 3. Bb2 Nf6 4. g3 d5 5. Bg2 e6 6. O-O Be7 7. d4 cxd4 8. Nxd4
Nxd4 9. Bxd4 O-O 10. Nc3 b6 11. Nb5 Bb7 12. c4 a6 13. Na3 Bxa3 0-1

[Event "AUTO-OPEN-791"]
[Site "http://www.queenalice.com/game.php?id=293863"]
[Date "2007.10.27"]
[Round "2"]
[White "Roman"]
[Black "Bobby_Fischer"]
[Result "1/2-1/2"]
[WhiteElo "1987"]
[BlackElo "1726"]

1. e4 c5 2. Nf3 Nc6 3. d4 cxd4 4. Nxd4 Nxd4 5. Qxd4 e6 6. Nc3 b6 7. Bf4 Nf6 8.
Bd6 Be7 9. Rd1 O-O 10. Nb5 Bxd6 11. Nxd6 Qe7 12. f4 Rb8 13. Be2 Bb7 14. c4 Rfd8
15. O-O Ne8 16. e5 Nxd6 17. Qxd6 Qxd6 18. Rxd6 Bc6 19. Rfd1 Kf8 20. b4 Ke7 21.
b5 Be4 22. a4 Rb7 23. R1d2 f6 24. R2d4 Bc2 25. Bd1 Bxd1 26. Rxd1 fxe5 27. fxe5
Rc7 28. R6d4 Rc5 29. Re4 Rf8 30. Rde1 h5 31. R1e3 g5 1/2-1/2

[Event "AUTO-OPEN-791"]
[Site "http://www.queenalice.com/game.php?id=293864"]
[Date "2007.10.27"]
[Round "2"]
[White "Bobby_Fischer"]
[Black "Roman"]
[Result "0-1"]
[WhiteElo "1726"]
[BlackElo "1968"]

1. e4 e6 2. d4 d5 3. e5 c5 4. Nf3 Nc6 5. Be3 Qb6 6. dxc5 Bxc5 7. Bxc5 Qxc5 8.
Nbd2 Nb4 9. c3 Nc6 10. Be2 Nge7 11. O-O Ng6 12. Nb3 Qb6 13. Rb1 Ncxe5 14. Nxe5
Nxe5 15. Nd4 Bd7 16. Re1 O-O 17. b4 a6 18. f4 Nc6 19. a3 Rac8 20. Bf3 Ne7 21.
Kh1 Rxc3 22. f5 Rxa3 23. fxe6 fxe6 24. Bg4 Rf6 25. Qe2 Qxd4 0-1

[Event "AUTO-OPEN-791"]
[Site "http://www.queenalice.com/game.php?id=293869"]
[Date "2007.10.27"]
[Round "2"]
[White "doran"]
[Black "Bobby_Fischer"]
[Result "0-1"]
[WhiteElo "1891"]
[BlackElo "1811"]

1. Nf3 c5 2. d3 Nc6 3. g3 g6 4. Bg2 Bg7 5. O-O e6 6. e4 Nge7 7. c3 O-O 8. Nbd2
d5 9. Re1 d4 10. Qc2 dxc3 11. bxc3 b5 12. e5 Qc7 13. d4 c4 14. Ba3 a5 15. Bd6
Qd7 16. Rab1 Ba6 17. Ne4 Rfe8 18. Nc5 Qc8 19. Ng5 Nf5 20. Nge4 Rd8 21. g4 Nxd6
22. Nxd6 Qc7 23. Nxa6 Rxa6 24. Rxb5 Bf8 25. Ne4 Kg7 26. Nd2 Rb6 27. Rxb6 Qxb6
28. Nxc4 Qc7 29. Rb1 Ne7 30. Nd6 Rxd6 31. exd6 Qxd6 32. Rb7 Nd5 33. Qb3 Nf4 34.
Rb6 Qe7 35. Qb2 Nxg2 36. Kxg2 Qg5 37. h3 Qd5+ 38. f3 h5 0-1

[Event "AUTO-OPEN-791"]
[Site "http://www.queenalice.com/game.php?id=293870"]
[Date "2007.10.27"]
[Round "2"]
[White "Bobby_Fischer"]
[Black "doran"]
[Result "1-0"]
[WhiteElo "1731"]
[BlackElo "2004"]

1. c4 g6 2. d4 Bg7 3. Nf3 c6 4. e3 d5 5. c5 Bg4 6. Be2 Nd7 7. O-O e5 8. h3 Bxf3
9. Bxf3 e4 10. Bg4 f5 11. Be2 Ngf6 12. Nc3 O-O 13. b4 a6 14. Bd2 Ne8 15. f3 exf3
16. Bxf3 Nef6 17. Qc2 Ne4 18. Bxe4 dxe4 19. Be1 Nf6 20. Bg3 Nd5 21. a4 Nxe3 22.
Qb3+ Kh8 23. Rfe1 Bxd4 24. Bf2 Qf6 25. Bxe3 Bxc3 26. Rad1 Bxe1 27. Bd4 Kg7 28.
Bxf6+ Rxf6 29. Rxe1 Re8 30. b5 f4 31. bxc6 1-0

[Event "ERYCA"]
[Site "http://www.queenalice.com/game.php?id=304331"]
[Date "2007.11.15"]
[Round "1"]
[White "Tlaloc2k"]
[Black "Bobby_Fischer"]
[Result "0-1"]
[WhiteElo "1487"]
[BlackElo "1736"]

1. e4 c5 2. e5 Nc6 3. f4 g6 4. d3 Bg7 5. Nf3 e6 6. Be3 Nge7 7. Be2 d5 8. Bxc5
O-O 9. O-O b6 10. Ba3 b5 11. d4 a6 12. b4 Nf5 13. Bc1 Nxb4 14. a3 Nc6 15. c3 Bb7
16. Bd3 Nce7 17. Qe1 Rc8 18. Bd2 Qd7 19. Ng5 h6 20. Nf3 a5 21. Bc1 f6 22. exf6
Bxf6 23. Bd2 Rc7 24. Qe2 Bc6 25. c4 bxc4 26. Bxf5 Nxf5 27. Bxa5 Rb7 28. Bb4 Rf7
29. Nc3 Kg7 30. Rfe1 Bxd4+ 31. Kh1 Rxb4 32. Nxd4 Nxd4 33. Qf2 Nf3 34. gxf3 Rb3
35. Ne2 Qa7 36. Qxa7 Rxa7 37. Nd4 Rb6 38. Nxe6+ Kf6 39. Nd4 Bd7 40. Nc2 Rb3 41.
Nd4 Rd3 42. Rad1 Rxd1 43. Rxd1 Rxa3 44. Nc2 Rxf3 45. Rxd5 Be6 46. Rd4 Kf5 47.
Ne1 Rxf4 48. Rxf4+ Kxf4 49. Kg2 Ke4 50. Nf3 c3 51. Ne1 Ke3 52. h3 Kd2 53. Nf3+
Kd1 54. Nd4 c2 0-1

[Event "MARAISA"]
[Site "http://www.queenalice.com/game.php?id=327581"]
[Date "2007.12.29"]
[Round "1"]
[White "tche_elvio"]
[Black "Bobby_Fischer"]
[Result "1/2-1/2"]
[WhiteElo "1566"]
[BlackElo "1864"]

1. e4 c5 2. d4 cxd4 3. Qxd4 Nc6 4. Qe3 e5 5. Bd2 Nf6 6. a3 b6 7. Bd3 Bc5 8. Qg5
O-O 9. Nf3 d6 10. O-O Be6 11. b4 Nd4 12. Nxd4 Bxd4 13. c3 Bxf2+ 14. Rxf2 a6 15.
Rxf6 Qxf6 16. Qxf6 gxf6 17. Bh6 Rfc8 18. Bd2 Kf8 19. a4 Ke7 20. Na3 Rc7 21. Rc1
a5 22. b5 Rac8 23. c4 Kd7 24. Rc2 Ke7 25. Be3 Rb8 26. g3 Kd7 27. h4 Bg4 28. Kf2
Ke6 29. c5 dxc5 30. Nc4 Rd7 31. Be2 Bxe2 32. Kxe2 f5 33. exf5+ Kxf5 34. Rd2
Rxd2+ 35. Bxd2 f6 36. Kf3 e4+ 37. Ke3 Kg4 38. Kf2 f5 39. Bf4 Rb7 40. Ne5+ Kh3
41. h5 Rg7 42. Nc4 Rb7 43. Nd6 Rd7 44. Nxf5 Rd5 45. Ke3 Rd3+ 46. Kxe4 Ra3 47.
Ne3 Rxa4+ 48. Kf3 Rb4 49. g4 a4 50. g5 a3 51. Be5 Rxb5 52. g6 hxg6 53. h6 Ra5
54. h7 Ra8 55. h8=R+ Rxh8 56. Bxh8 b5 57. Bf6 b4 58. Nc4 a2 59. Nd2 g5 60. Nb3
c4 61. Nc1 b3 62. Ne2 g4+ 63. Kf2 g3+ 64. Nxg3 1/2-1/2

[Event "AUTO-OPEN-1008"]
[Site "http://www.queenalice.com/game.php?id=351267"]
[Date "2008.2.9"]
[Round "1"]
[White "Bobby_Fischer"]
[Black "LAIRA"]
[Result "0-1"]
[WhiteElo "1867"]
[BlackElo "1937"]

1. d4 c5 2. d5 d6 3. c4 g6 4. Nf3 Bg7 5. e4 Nf6 6. Bd3 O-O 7. O-O Bg4 8. h3 Bxf3
9. Qxf3 Nbd7 10. Bg5 Ne5 11. Qe2 Nxd3 12. Qxd3 Nh5 13. Nc3 f6 14. Be3 f5 15.
exf5 gxf5 16. Rae1 Nf6 17. Qxf5 Rf7 18. Ne4 Nxe4 19. Qxe4 Qb6 20. b3 Raf8 21.
Qg4 Qd8 22. Bh6 e5 23. g3 Qf6 24. Re4 Qxh6 25. f4 exf4 26. Re6 Rf6 27. Rxf6 Rxf6
28. Rxf4 Rxf4 29. gxf4 Qg6 30. Qxg6 hxg6 31. Kf2 Kf7 32. Kg3 Kf6 33. Kg4 Bh6 34.
h4 Bf8 35. a3 b6 36. h5 gxh5+ 37. Kxh5 Kf5 38. Kh4 Kxf4 39. Kh5 Ke4 0-1

[Event "AUTO-OPEN-1008"]
[Site "http://www.queenalice.com/game.php?id=351268"]
[Date "2008.2.9"]
[Round "1"]
[White "LAIRA"]
[Black "Bobby_Fischer"]
[Result "1-0"]
[WhiteElo "1877"]
[BlackElo "1880"]

1. e4 c5 2. Nf3 d6 3. Bc4 Nf6 4. O-O Nxe4 5. d3 Nf6 6. Ng5 d5 7. Bb5+ Bd7 8.
Bxd7+ Nbxd7 9. Nc3 e5 10. Nf3 Be7 11. Bg5 d4 12. Bxf6 Nxf6 13. Nxe5 O-O 14. Ne4
Nxe4 15. dxe4 Bd6 16. Nc4 b5 17. Nxd6 Qxd6 18. c3 dxc3 19. Qxd6 1-0

[Event "AUTO-OPEN-1008"]
[Site "http://www.queenalice.com/game.php?id=351269"]
[Date "2008.2.9"]
[Round "1"]
[White "Bobby_Fischer"]
[Black "Capixaba789"]
[Result "1-0"]
[WhiteElo "1879"]
[BlackElo "1760"]

1. c4 d6 2. d4 Nf6 3. Nc3 e6 4. e4 Nc6 5. a3 h6 6. Nf3 a6 7. Bd3 Be7 8. O-O b6
9. d5 exd5 10. exd5 Ne5 11. Nxe5 dxe5 12. Re1 O-O 13. Ne4 Nxe4 14. Bxe4 Bd6 15.
Qh5 Qf6 16. Re3 Be7 17. Rg3 Qh4 18. Qxe5 Bf6 19. Qf4 Qxf4 20. Bxf4 g5 21. Bxc7
Bxb2 22. Ra2 Bd4 23. Rd3 Bc5 24. d6 Ra7 25. Bd5 Re8 26. h3 Kg7 27. Kh2 Bd7 28.
Rf3 f5 29. Rd2 Kg6 30. g3 Bxa3 31. Rxa3 a5 32. Bxb6 Ra6 33. Bxa5 Re5 34. Bb4
Rxa3 35. Bxa3 1-0

[Event "AUTO-OPEN-1008"]
[Site "http://www.queenalice.com/game.php?id=351270"]
[Date "2008.2.9"]
[Round "1"]
[White "Capixaba789"]
[Black "Bobby_Fischer"]
[Result "0-1"]
[WhiteElo "1774"]
[BlackElo "1867"]

1. e4 e5 2. Nf3 Nf6 3. Nxe5 Qe7 4. Nf3 Qxe4+ 5. Qe2 Bc5 6. Qxe4+ Nxe4 7. d4 Bd6
8. Bc4 O-O 9. Be3 c6 10. Nbd2 Nxd2 11. Nxd2 b5 12. Bd3 Re8 13. O-O Na6 14. Nf3
Nb4 15. Rfd1 Nxd3 16. Rxd3 Ba6 17. Rdd1 Bc7 18. c3 d5 19. b4 Re7 20. Re1 Rae8
21. a3 h6 22. h3 Bc8 23. a4 bxa4 24. Rxa4 f5 25. Rxa7 Bh2+ 26. Kxh2 Rxa7 27. Ne5
Bb7 28. h4 Ra3 29. Bd2 Rea8 30. Nd3 Ra2 31. Nc5 Rxd2 32. f4 Ba6 33. Ra1 Bb7 0-1

[Event "AUTO-OPEN-1008"]
[Site "http://www.queenalice.com/game.php?id=351271"]
[Date "2008.2.9"]
[Round "1"]
[White "Bobby_Fischer"]
[Black "RILLARY"]
[Result "1-0"]
[WhiteElo "1856"]
[BlackElo "2052"]

1. e4 c5 2. Nc3 e6 3. Nf3 Nc6 4. Be2 Nf6 5. O-O Be7 6. d3 O-O 7. Bg5 d5 8. e5
Nd7 9. Bxe7 Qxe7 10. Nb5 Ncxe5 11. Nxe5 Nxe5 12. d4 cxd4 13. Qxd4 1-0

[Event "AUTO-OPEN-1008"]
[Site "http://www.queenalice.com/game.php?id=351272"]
[Date "2008.2.9"]
[Round "1"]
[White "RILLARY"]
[Black "Bobby_Fischer"]
[Result "0-1"]
[WhiteElo "2085"]
[BlackElo "1830"]

1. c4 Nf6 2. d4 c6 3. Nc3 g6 4. e4 Bg7 5. Bd3 O-O 6. Nf3 e6 7. O-O d5 8. cxd5
cxd5 9. exd5 Nxd5 10. Be3 Nxe3 11. fxe3 Nc6 12. a3 e5 0-1

[Event "Ikki_de_Fenix"]
[Site "http://www.queenalice.com/game.php?id=358134"]
[Date "2008.2.20"]
[Round "1"]
[White "Railton"]
[Black "Bobby_Fischer"]
[Result "0-1"]
[WhiteElo "1782"]
[BlackElo "1854"]

1. a3 d5 2. d4 Nc6 3. c3 Nf6 4. Nd2 e6 5. e3 Be7 6. Ngf3 O-O 7. Bd3 g6 8. b4 a6
9. h3 Bd6 10. Bb2 b5 11. Nb3 Kg7 12. O-O Bb7 13. Bc1 h6 14. Re1 g5 15. Bc2 Nh7
16. Nh2 f5 17. f4 Qf6 18. fxg5 hxg5 19. Nf3 Kf7 20. Nc5 Bxc5 21. bxc5 Ke7 22.
Qe2 Kd7 23. Ne5+ Nxe5 24. dxe5 Qxe5 25. e4 fxe4 26. Rd1 Qxc3 27. Ra2 Qxc5+ 28.
Kh1 Rf2 29. Qe3 Rxc2 30. Qxc5 Rxc5 31. Be3 Rc3 32. a4 Rxe3 33. axb5 axb5 34.
Rxa8 Bxa8 35. Rf1 Ke7 36. Rc1 c6 37. h4 gxh4 0-1

[Event "Challenge"]
[Site "http://www.queenalice.com/game.php?id=366769"]
[Date "2008.3.6"]
[Round "-"]
[White "GUAIRENSE"]
[Black "Bobby_Fischer"]
[Result "1-0"]
[WhiteElo "2002"]
[BlackElo "1864"]

1. d4 c5 2. d5 Nf6 3. c4 d6 4. Bg5 h6 5. Bxf6 exf6 6. e4 Bg4 7. f3 Bh5 8. Bd3
Be7 9. Nh3 O-O 10. g4 Bg6 11. f4 Qa5+ 12. Nc3 Nd7 13. Nf2 b5 14. h4 a6 15. cxb5
axb5 16. g5 fxg5 17. hxg5 hxg5 18. f5 Bh7 19. Qh5 1-0

[Event "MARAISA"]
[Site "http://www.queenalice.com/game.php?id=367271"]
[Date "2008.3.7"]
[Round "2"]
[White "Bobby_Fischer"]
[Black "amaralch7"]
[Result "0-1"]
[WhiteElo "1876"]
[BlackElo "1698"]

1. d4 f5 2. c4 e6 3. Nc3 Bb4 4. Bd2 c6 5. e3 Nf6 6. Bd3 O-O 7. Nge2 d6 8. O-O e5
9. dxe5 dxe5 10. Qb3 a5 11. Rad1 Qxd3 12. Be1 Qxd1 13. Nxd1 Bxe1 14. Rxe1 Kh8
15. h3 Na6 16. Ndc3 Nc5 17. Qc2 b6 18. Ng3 g6 19. Nce2 Be6 20. b3 Rad8 21. Nc3
h5 22. Rd1 h4 23. Rxd8 Rxd8 24. Nge2 Kg7 25. Kh2 g5 26. f4 gxf4 27. exf4 e4 28.
Na4 Nxa4 29. bxa4 c5 30. g3 hxg3+ 31. Kxg3 Rd3+ 0-1

[Event "AUTO-OPEN-731"]
[Site "http://www.queenalice.com/game.php?id=372392"]
[Date "2008.3.17"]
[Round "3"]
[White "Bobby_Fischer"]
[Black "arauca"]
[Result "0-1"]
[WhiteElo "1853"]
[BlackElo "2153"]

1. d4 Nf6 2. c4 g6 3. Nc3 d5 4. cxd5 Nxd5 5. e4 Nxc3 6. bxc3 Bg7 7. Nf3 c5 8.
Be2 O-O 9. O-O Qa5 10. Bd2 Bg4 11. c4 Qc7 12. Be3 Bxf3 13. Bxf3 Rd8 14. Qb3 cxd4
15. Bd2 Nc6 16. Rab1 b6 17. Qb5 Ne5 18. Bd1 Qxc4 19. Qxc4 Nxc4 20. Bf4 e5 0-1

[Event "AUTO-OPEN-731"]
[Site "http://www.queenalice.com/game.php?id=372393"]
[Date "2008.3.17"]
[Round "3"]
[White "arauca"]
[Black "Bobby_Fischer"]
[Result "1-0"]
[WhiteElo "2156"]
[BlackElo "1849"]

1. e4 c5 2. Nf3 Nc6 3. d4 cxd4 4. Nxd4 e5 5. Nb5 d6 6. N1c3 a6 7. Na3 Nf6 8. Bg5
Be7 9. Bxf6 Bxf6 10. Nc4 O-O 11. Qxd6 Qxd6 12. Nxd6 Nd4 13. O-O-O Be6 14. Bc4
Bxc4 15. Nxc4 b5 16. Ne3 Bg5 17. Nd5 Rfc8 18. Kb1 Bxe3 19. fxe3 Nxc2 20. Ne7+
1-0